|
|
|
|
| LEADER |
00000naa2a2200000 4500 |
| 001 |
176675 |
| 005 |
20231222144859.0 |
| 035 |
|
|
|a (RuTPU)RU\TPU\book\191567
|
| 090 |
|
|
|a 176675
|
| 100 |
|
|
|a 20100303d2005 k y0rusy50 ca
|
| 101 |
0 |
|
|a rus
|
| 102 |
|
|
|a RU
|
| 200 |
1 |
|
|a Редкометалльный потенциал углей Сибири и перспективы его освоения
|f С. И. Арбузов, В. В. Ершов, Л. П. Рихванов
|
| 320 |
|
|
|a Библиогр.: 26 назв.
|
| 463 |
|
0 |
|0 (RuTPU)RU\TPU\book\66225
|t Проблемы и перспективы развития минерально-сырьевой базы и предприятий ТЭК Сибири
|o материалы межрегиональной научно-практической конференции, Томск, 2005 г.
|f Межрегиональная ассоциация "Сибирское соглашение"; Территориальное агентство по недропользованию по Томской области; Томский политехнический университет; Сибирское отделение РАН; ОАО "Томскнефть"; Томский научно-исследовательский институт нефти и газа (ТомскНИПИнефть ВНК); [гл. ред. В. Г. Емешев]
|v С. 13-20
|d 2005
|p 339 с.
|
| 610 |
1 |
|
|a труды учёных ТПУ
|
| 700 |
|
1 |
|a Арбузов
|b С. И.
|c российский геолог и геохимик
|c профессор Томского политехнического университета, доктор геолого-минералогических наук
|f 1959-
|g Сергей Иванович
|3 (RuTPU)RU\TPU\pers\24710
|9 10962
|
| 701 |
|
1 |
|a Ершов
|b В. В.
|c российский геохимик
|c доцент Томского политехнического университета
|g Василий Владимирович
|3 (RuTPU)RU\TPU\pers\26066
|4 070
|
| 701 |
|
1 |
|a Рихванов
|b Л. П.
|c российский ученый, геолог
|c профессор Томского политехнического университета, доктор геолого-минералогических наук
|c заслуженный геолог РФ
|c почетный работник высшего образования РФ
|f 1945-
|g Леонид Петрович
|3 (RuTPU)RU\TPU\pers\23187
|4 070
|
| 801 |
|
1 |
|a RU
|b 63413507
|c 20100303
|
| 801 |
|
2 |
|a RU
|b 63413507
|c 20151217
|g RCR
|
| 942 |
|
|
|c BK
|